| 000 | 00711nam a2200229 a 4500 | ||
|---|---|---|---|
| 008 | 951212s1980||||CS 0 slo c | ||
| 020 |
_c35 Kčs. _q(40000 výtl.) |
||
| 040 |
_aSNK _bslo _cSNK _eAACR2 |
||
| 044 |
_axo _cSK |
||
| 080 | _a839.8-3 | ||
| 100 | 1 | _aEnevoldová, Karen | |
| 245 | 1 | 0 |
_aBarbari tiahnu Európou _cKaren Enevold ; Jaroslav Kaňa, Ján Vančo, Jaroslav Kaňa |
| 250 | _a1., vyd. | ||
| 260 |
_aBratislava _bTatran _c1980 _eSNP, Banská Bystrica _fTlačiarne |
||
| 300 |
_a320 s., 20,14 AH _c21 cm |
||
| 490 | 0 |
_aMeteor _vZv. 90. |
|
| 500 | _aIlustr. tit. list. Vysvetl. | ||
| 700 | 1 |
_aKaňa, Jaroslav _4prk |
|
| 700 | 1 |
_aVančo, Ján _4gup |
|
| 700 | 1 |
_aKaňa, Jaroslav _4ini |
|
| 958 | _aA | ||
| 999 |
_c9870 _d9870 |
||